<?xml version="1.0" encoding="UTF-8"?>
<record
    xmlns:xsi="http://www.w3.org/2001/XMLSchema-instance"
    xsi:schemaLocation="http://www.loc.gov/MARC21/slim http://www.loc.gov/standards/marcxml/schema/MARC21slim.xsd"
    xmlns="http://www.loc.gov/MARC21/slim">

  <leader>01506nam a22001937a 4500</leader>
  <controlfield tag="003">IT-RoPau</controlfield>
  <controlfield tag="005">20220918175935.0</controlfield>
  <controlfield tag="008">121114b        xxu||||| |||| 00| 0 eng d</controlfield>
  <datafield tag="040" ind1=" " ind2=" ">
    <subfield code="c">IT-RoPau</subfield>
  </datafield>
  <datafield tag="100" ind1=" " ind2=" ">
    <subfield code="a">Alberione Giacomo</subfield>
    <subfield code="q">Fondatore della Famiglia paolina</subfield>
    <subfield code="9">26</subfield>
  </datafield>
  <datafield tag="245" ind1=" " ind2=" ">
    <subfield code="a">Prediche tenute alle Pie Discepole del Divin Maestro.</subfield>
    <subfield code="b">Vol XI.1 anno 1966 numeri marginali 1- 338/f</subfield>
  </datafield>
  <datafield tag="250" ind1=" " ind2=" ">
    <subfield code="a">1</subfield>
  </datafield>
  <datafield tag="260" ind1=" " ind2=" ">
    <subfield code="a">Roma</subfield>
    <subfield code="b">PDDM</subfield>
    <subfield code="c">?1960?</subfield>
  </datafield>
  <datafield tag="300" ind1=" " ind2=" ">
    <subfield code="a">191 p.</subfield>
    <subfield code="c">29,5 cm</subfield>
  </datafield>
  <datafield tag="490" ind1=" " ind2=" ">
    <subfield code="a">Vol XI,1 </subfield>
    <subfield code="v">Vol XI,1</subfield>
  </datafield>
  <datafield tag="500" ind1=" " ind2=" ">
    <subfield code="a">Come nel volume precedente</subfield>
  </datafield>
  <datafield tag="520" ind1=" " ind2=" ">
    <subfield code="a">Prefazione
437)Circoncisione del Signore
438)Festa del SS. Noome di Ges&#xF9;
439)Solennit&#xE0; dell' Epifania del Signore
440)Introduzione agli Esercizi SS. : Purificazione
441)Domenica III dopo L' Epifania
442)La santificazione: Osservanza delle Costituzioni
443)Chiusura degli Esercizi SS.
444)Domenica di Settuagesima
445)Domenica di Sessagesima
446)L' Eucarestia
447)Domenica I di Quaresima
448)Domenica II di Quaresima
449)Introduzione agli Esercizi SS. : Purificazione
450)Domenica III di Quaresima
451)Lo spirito di preghiera
452)Chiusura degli Esercizi SS. : L' Obbedienza
453)Vivere Ges&#xF9; Cristo Via, Verit&#xE0; e Vita
454)La professione religiosa
455)Luned&#xEC; di Pasqua
456)Introduzione agli Esercizi SS. : Purificazione
457)L' Obbiedenza
458)Chiusura degli Esercizi SS. - Vi affido una missione
459)S.Giuseppe, artigiano
460)Le tre devozioni fondamental
461)Domenica V di Pasqua
462)Introduzione agli Esercizi: Purificazione

   </subfield>
  </datafield>
  <datafield tag="942" ind1=" " ind2=" ">
    <subfield code="2">ddc</subfield>
    <subfield code="c">BK</subfield>
  </datafield>
  <datafield tag="999" ind1=" " ind2=" ">
    <subfield code="c">37510</subfield>
    <subfield code="d">37510</subfield>
  </datafield>
  <datafield tag="952" ind1=" " ind2=" ">
    <subfield code="0">0</subfield>
    <subfield code="1">0</subfield>
    <subfield code="2">ddc</subfield>
    <subfield code="4">0</subfield>
    <subfield code="6">P_A1</subfield>
    <subfield code="7">1</subfield>
    <subfield code="a">PAULUS</subfield>
    <subfield code="b">PAULUS</subfield>
    <subfield code="d">2012-11-14</subfield>
    <subfield code="l">0</subfield>
    <subfield code="o">P A1</subfield>
    <subfield code="r">2012-11-14 00:00:00</subfield>
    <subfield code="w">2012-11-14</subfield>
    <subfield code="y">BK</subfield>
  </datafield>
</record>
